|
|
|
|
| LEADER |
00000naa2a2200000 4500 |
| 001 |
398296 |
| 005 |
20231101065029.0 |
| 035 |
|
|
|a (RuTPU)RU\TPU\prd\38325
|
| 090 |
|
|
|a 398296
|
| 100 |
|
|
|a 20050922a2005 k y0rusy50 ca
|
| 101 |
0 |
|
|a rus
|
| 102 |
|
|
|a RU
|
| 200 |
1 |
|
|a Развитие инноваций в радиоэлектронном комплексе
|f А. Н. Стяжкин, В. Ю. Строганов
|
| 225 |
1 |
|
|a Экономика и управление
|
| 461 |
|
0 |
|0 (RuTPU)RU\TPU\prd\1687
|t Приборы и системы. Управление, контроль, диагностика
|o научно-технический и производственный журнал
|d 2000-
|
| 463 |
|
0 |
|0 (RuTPU)RU\TPU\prd\30998
|t № 11
|v С. 62-65
|d 2004
|
| 610 |
1 |
|
|a радиоэлектронные комплексы
|
| 610 |
1 |
|
|a инновации
|
| 610 |
1 |
|
|a приоритетные направления
|
| 610 |
1 |
|
|a финансирование
|
| 610 |
1 |
|
|a перераспределение
|
| 700 |
|
1 |
|a Стяжкин
|b А. Н.
|
| 701 |
|
1 |
|a Строганов
|b В. Ю.
|
| 801 |
|
1 |
|a RU
|b 63413507
|c 20050922
|g PSBO
|
| 801 |
|
2 |
|a RU
|b 63413507
|c 20121009
|g RCR
|
| 942 |
|
|
|c BK
|